Compendio de derecho civil (Registro nro. 158585)
[ vista simple ]
| 000 -LEADER | |
|---|---|
| fixed length control field | 01315ny a22002893n 4500 |
| 008 - FIXED-LENGTH DATA ELEMENTS--GENERAL INFORMATION | |
| fixed length control field | 080407s2004 sp f 000 0 spa d |
| 020 ## - INTERNATIONAL STANDARD BOOK NUMBER | |
| International Standard Book Number | 9788495748928 |
| 035 ## - | |
| -- | 406 |
| 040 ## - CATALOGING SOURCE | |
| Original cataloging agency | BUS |
| Modifying agency | vLex |
| 080 ## - | |
| -- | 347.41/.43(460)(075.8) |
| 090 ## - | |
| -- | 45 |
| -- | 45 |
| 100 1# - MAIN ENTRY--PERSONAL NAME | |
| Personal name | O'Callaghan Muñoz, Xavier |
| 245 10 - TITLE STATEMENT | |
| Title | Compendio de derecho civil |
| Medium | [Recurso electrónico] |
| Statement of responsibility, etc | Xavier O'Callaghan |
| Remainder of title | Tomo 3 (Derechos reales e hipotecario) |
| 256 ## - | |
| -- | Servicio en línea |
| 260 ## - PUBLICATION, DISTRIBUTION, ETC. (IMPRINT) | |
| Place of publication, distribution, etc | Madrid : |
| Name of publisher, distributor, etc | Edersa, |
| Date of publication, distribution, etc | 2004 |
| 505 ## - FORMATTED CONTENTS NOTE | |
| Formatted contents note | t.2, v.1. Obligaciones y Contratos - t.2, v.2. Obligaciones y Contratos - v.3. Derechos reales e hipotecario - v.4. Derecho de familia - v.5. Derecho de sucesiones |
| 506 1# - RESTRICTIONS ON ACCESS NOTE | |
| Terms governing access | Contenido solo disponible en los productos indicados |
| Authorized users | vLex Global |
| -- | vLex Global (Academic Edition, excluding Law Schools) |
| -- | vLex Global (U.S. Academic Edition, Law Schools) |
| -- | vLex Global (U.S. Academic Edition, excluding Law Schools) |
| -- | vLex Global (Academic Edition, Law Schools) |
| 650 04 - SUBJECT ADDED ENTRY--TOPICAL TERM | |
| Topical term or geographic name as entry element | Civil |
| 650 04 - SUBJECT ADDED ENTRY--TOPICAL TERM | |
| Topical term or geographic name as entry element | Inmobiliario y registral |
| 650 04 - SUBJECT ADDED ENTRY--TOPICAL TERM | |
| Topical term or geographic name as entry element | Hipoteca |
| 650 04 - SUBJECT ADDED ENTRY--TOPICAL TERM | |
| Topical term or geographic name as entry element | Institución de derechos reales |
| 650 04 - SUBJECT ADDED ENTRY--TOPICAL TERM | |
| Topical term or geographic name as entry element | Derecho hipotecario |
| 740 ## - | |
| -- | vLex Libros (Servicios en línea) |
| 856 40 - LOCALIZACIÓN Y ACCESO ELECTRÓNICO | |
| Identificador Uniforme del Recurso (URI/URL) | https://app.vlex.com/#/sources/derechos-reales-hipotecario-406 |
| 942 ## - | |
| -- | RAA |
| 999 ## - | |
| -- | 158585 |
| -- | 158585 |
No hay ítems disponibles.